Online
Catalog

El arte de amar : (Record no. 23381)

MARC details
000 -CABECERA
campo de control de longitud fija 00985nam a2200265 a 4500
001 - NÚMERO DE CONTROL
campo de control 000023885
005 - FECHA Y HORA DE LA ÚLTIMA TRANSACCIÓN
campo de control 20200930022537.0
008 - DATOS DE LONGITUD FIJA--INFORMACIÓN GENERAL
campo de control de longitud fija 110115s1982 sp r 000 0 spa d
020 ## - NÚMERO INTERNACIONAL ESTÁNDAR DEL LIBRO
Número Internacional Estándar del Libro 8475090362
040 ## - FUENTE DE LA CATALOGACIÓN
Centro catalogador/agencia de origen DO-SdBNP
Lengua de catalogación spa
Centro/agencia transcriptor BNPHU
041 17 - CÓDIGO DE LENGUA
Código de lengua del texto/banda sonora o título independiente spa
Código de lengua original eng
Fuente del código Código de idiomas MARC
082 ## - NÚMERO DE LA CLASIFICACIÓN DECIMAL DEWEY
Número de clasificación nnnn
Número de documento/Ítem F932a
049 ## - FONDOS LOCALES (OCLC)
Fondos de biblioteca BNGR
100 1# - ENTRADA PRINCIPAL--NOMBRE DE PERSONA
Nombre de persona Fromm, Erich,
Fechas asociadas al nombre 1900-1980
9 (RLIN) 8175
240 14 - TÍTULO UNIFORME
Título uniforme The art of loving.
Lenguaje de la obra Español
245 13 - MENCIÓN DE TÍTULO
Título El arte de amar :
Resto del título una investigación sobre la naturaleza del amor /
Mención de responsabilidad, etc. Erich Fromm ; traducción de Noemí Rosenblatt.
260 ## - PUBLICACIÓN, DISTRIBUCIÓN, ETC.
Lugar de publicación, distribución, etc. Barcelona :
Nombre del editor, distribuidor, etc. Paidós Ibérica,
Fecha de publicación, distribución, etc. 1982.
300 ## - DESCRIPCIÓN FÍSICA
Extensión 128 p. ;
Dimensiones 20 cm.
490 1# - MENCIÓN DE SERIE
Mención de serie Paidos studio
Designación de volumen o secuencia 7
500 ## - NOTA GENERAL
Nota general 4a reimpresión en España
504 ## - NOTA DE BIBLIOGRAFÍA, ETC.
Nota de bibliografía, etc. Incluye referencias bibliográficas y notas al pie de las páginas.
534 ## - NOTA SOBRE LA VERSIÓN ORIGINAL
Frase introductoria Título original en inglés:
Mención de título del original The art of loving.
Publicación, distribución, etc. del original Nueva York : Harper and Brothers.
700 1# - PUNTO DE ACCESO ADICIONAL--NOMBRE DE PERSONA
Nombre de persona Rosenblatt, Noemí,
Término indicativo de función/relación tr.
9 (RLIN) 49140
830 #0 - PUNTO DE ACCESO ADICIONAL DE SERIE-TÍTULO UNIFORME
Título uniforme Paidos studio ;
Designación de volumen o secuencia 7
9 (RLIN) 49141
Holdings
Estado de retiro Estado de pérdida Restricciones de uso No para préstamo Código de colección Localización permanente Ubicación/localización actual Ubicación en estantería Fecha de adquisición Número de inventario Total de préstamos Signatura topográfica completa Código de barras Fecha visto por última vez Precio válido a partir de Tipo de ítem Koha
    Préstamo interno   Monografías: Libros y Folletos General General En catalogación 15.01.2011 LF1   nnnn F932a 23885-10 25.06.2020 25.06.2020 Préstamo interno

Powered by Koha